banner-ar

تجربة الانفتاح الاقتصادى على التنمية الصناعية فى مصر ومقارنتها بتجربة كوريا الجنوبية وسنغافورة / (Record no. 58182)

MARC details
000 -الفاتح
حقل البيانات ثابتة الطول 00805nam a2200205Ia 4500
008 - عناصر البيانات ثابتة الطول - معلومات عامة
حقل البيانات ثابتة الطول 140319s9999 xx 000 0 ara d
040 ## - مصدر الفهرسة
وكالة الفهرسة الأصلية GCL /
وكالة النسخ GCL
082 04 - رقم تصنيف ديوى العشرى
رقم التصنيف 331.12
رقم المادة ت ع
100 1# - المدخل الرئيسى - إسم شخصى
الإسم الشخصى عبدالدايم احمد الصاوى
245 10 - بيان العنوان
العنوان تجربة الانفتاح الاقتصادى على التنمية الصناعية فى مصر ومقارنتها بتجربة كوريا الجنوبية وسنغافورة /
بيان المسئوليه,etc عبدالدايم احمد الصاوى
260 ## - PUBLICATION, DISTRIBUTION, ETC. (IMPRINT)
تاريخ النشر أو التوزيع 1992
300 ## - الوصف المادى
التعداد 290 ص
490 ## - بيان السلسلة
عنوان السلسلة
650 04 - المدخل الاضافى بالموضوع-مصطلح موضوعى
مصطلح موضوعي كوريا الجنوبية
650 04 - المدخل الاضافى بالموضوع-مصطلح موضوعى
مصطلح موضوعي سنغافورة
650 04 - المدخل الاضافى بالموضوع-مصطلح موضوعى
مصطلح موضوعي الاقتصاد فى مصر
650 04 - المدخل الاضافى بالموضوع-مصطلح موضوعى
مصطلح موضوعي الانفتاح الاقتصادى
942 ## - عناصر المدخل الإضافي( كوها)
مصدر التصنيف او مخطط الترفيف Dewey Decimal Classification
Koha [default] item type كتاب
260 ## - PUBLICATION, DISTRIBUTION, ETC. (IMPRINT)
-- [S.N] :
-- الهيئة المصرية العامة للكتاب ،
Holdings
حالة التراجع حالة الفقد حالة تلف ليس للاعارة المكان المؤقت الموقع الحالى تاريخ الاكتساب اجمالي اﻻعارات رقم الطلب الباركود تاريخ اخر مشاهدة تاريخ تفعيل السعر نوع وعاء كوها
        مكتبة القاهرة الكبرى مكتبة القاهرة الكبرى 03/26/2014   331.12\ت ع 150375 03/26/2014 03/26/2014 كتاب

Powered By

EGPV